[Event "Nakhchivan Open 2016"]
[Site "Nakhchivan AZE"]
[Date "2016.05.15"]
[Round "6.16"]
[White "Hasanzade, Toghrul"]
[Black "Bagheri, Maziar"]
[Result "1/2-1/2"]
[WhiteTitle "FM"]
[WhiteElo "2326"]
[BlackElo "2266"]
[WhiteFideId "13407716"]
[BlackFideId "12530913"]
[EventDate "2016.05.10"]

1. e4 e5 2. Nf3 Nc6 3. Bc4 Bc5 4. Nc3 Nf6 5. d3 d6 6. Bg5 h6 7. Bxf6 Qxf6 8. Nd5
Qd8 9. c3 O-O 10. b4 Bb6 11. h3 Ne7 12. Nxb6 axb6 13. O-O Ng6 14. d4 Qf6 15.
dxe5 dxe5 16. Nh2 Nf4 17. Qf3 h5 18. Kh1 Ra3 19. Bb3 Qg6 20. Qg3 Qf6 21. Rfd1
Be6 22. Rab1 b5 23. Qe3 b6 24. Nf3 Bxb3 25. axb3 Ra2 26. Ne1 h4 27. Rd2 Rxd2 28.
Qxd2 Rd8 29. Qe3 Qg6 30. Qf3 Rd2 31. Rd1 Qd6 32. Rxd2 Qxd2 33. Qe3 Qxe3 34. fxe3
Ne2 35. c4 g5 36. Nf3 f6 37. Nd2 Kf7 38. g4 Nc1 39. Kg2 Nd3 40. cxb5 Nxb4 41.
Kf3 Na2 42. Ke2 Nc3+ 43. Kd3 Nxb5 44. Kc4 Na7 45. b4 c6 46. Kb3 Ke6 47. Nc4 Nc8
48. Kc3 b5 49. Na5 Kd7 50. Nb7 Nd6 51. Nc5+ Kc8 52. Kd3 Nb7 53. Kc3 Nd6 54. Kd3
Nc4 55. Ne6 Nb2+ 56. Kc2 Na4 57. Kb3 Nb6 58. Kc3 Kd7 59. Nc5+ Ke7 60. Nb7 Nc4
61. Kd3 Nb2+ 62. Kc2 Na4 63. Kb3 Nb6 64. Kc3 Nc8 65. Kd3 Nd6 66. Nc5 Ke8 67. Ne6
Nf7 68. Nc5 Ke7 69. Nb7 Nd8 70. Nc5 Ne6 71. Kc3 Nc7 72. Kd3 Ne8 73. Kc3 Nd6 74.
Kd3 Nf7 75. Nb7 Kd7 76. Nc5+ Kc8 77. Ne6 Nd6 78. Nc5 Ne8 79. Ne6 Kb7 80. Nc5+
Ka7 81. Nd7 Kb7 82. Nc5+ Kc7 83. Ne6+ Kd6 84. Nc5 Nc7 85. Nb7+ Ke7 86. Nc5 Ne6
87. Kc3 Kd6 88. Nb7+ Kc7 89. Nc5 Nd8 90. Kd3 Nb7 91. Kc3 Nd8 92. Kd3 Kd6 93. Kc3
Nf7 94. Kd3 Nh6 95. Ke2 1/2-1/2

[Event "Nakhchivan Open 2016"]
[Site "Nakhchivan AZE"]
[Date "2016.05.15"]
[Round "6.17"]
[White "Bayramov, Elvin"]
[Black "Mammadov, Zaur"]
[Result "0-1"]
[BlackTitle "GM"]
[WhiteElo "2262"]
[BlackElo "2465"]
[WhiteFideId "13406655"]
[BlackFideId "13401033"]
[EventDate "2016.05.10"]

1. e4 e6 2. d4 d5 3. exd5 exd5 4. Bd3 Nc6 5. Nf3 Bg4 6. O-O Bd6 7. Re1+ Nge7 8.
c3 Qd7 9. b4 O-O 10. b5 Na5 11. Ba3 Nc4 12. Bxd6 cxd6 13. h3 Bxf3 14. Qxf3 Rae8
15. Bxc4 dxc4 16. Na3 d5 17. Re5 f6 18. Re2 Nc8 19. Rae1 Nb6 20. Qg3 Rxe2 21.
Rxe2 g6 22. h4 Kf7 23. Nc2 Qxb5 24. Ne3 Re8 25. Qf4 Nd7 26. g3 Re4 27. Qc7 Re7
28. Qd8 Re8 29. Qc7 Qc6 30. Qa5 b6 31. Qa6 f5 32. Rb2 Qa8 33. Rb4 Re7 34. Ra4
Qc6 35. Rb4 Nf6 36. Rb5 Qd6 37. Qa4 f4 38. gxf4 Qxf4 39. Qd1 Qxh4 40. Qf3 Kg7
41. Qg2 Qf4 42. a4 h5 43. Rb1 Rf7 44. a5 bxa5 45. Ra1 Ng4 46. Nxd5 Qd6 47. f4
Rd7 48. Rxa5 Qe6 49. Kh1 Qe1+ 50. Qg1 Qe4+ 51. Qg2 Qxg2+ 52. Kxg2 Rxd5 53. Rxa7+
Kf6 54. Rc7 Rd6 55. Kf3 Re6 56. Rxc4 Re3+ 57. Kg2 h4 58. Rc5 h3+ 0-1

[Event "Nakhchivan Open 2016"]
[Site "Nakhchivan AZE"]
[Date "2016.05.15"]
[Round "6.18"]
[White "Mammadzada, Gunay"]
[Black "Mamedjarova, Zeinab"]
[Result "1-0"]
[WhiteTitle "WGM"]
[BlackTitle "WGM"]
[WhiteElo "2318"]
[BlackElo "2236"]
[WhiteFideId "13403729"]
[BlackFideId "13401521"]
[EventDate "2016.05.10"]

1. e4 d5 2. exd5 Qxd5 3. Nc3 Qd8 4. Nf3 Nf6 5. Bc4 e6 6. O-O Be7 7. d4 O-O 8.
Qe2 Nbd7 9. Re1 Nb6 10. Bd3 Nbd5 11. Nxd5 Qxd5 12. Bg5 Re8 13. c4 Qd8 14. Rad1
Nd7 15. Bf4 Nf8 16. Ne5 f6 17. Nf3 Bb4 18. Bd2 a5 19. Be4 Kh8 20. Qe3 Qd6 21.
Bxb4 axb4 22. c5 Qa6 23. Qf4 Qa5 24. c6 Ra7 25. Bb1 bxc6 26. Rc1 Qd5 27. Qd2 Qd6
28. Rc5 Rb7 29. Be4 Bd7 30. Qc2 Rb5 31. Rc1 Rxc5 32. dxc5 Qf4 33. g3 Qh6 34. Nd4
e5 35. Nf5 Qh5 36. Qd3 Qf7 37. b3 g6 38. Ne3 Ne6 39. Qc4 Rb8 40. Nc2 Rb5 41.
Nxb4 Rxc5 42. Qf1 Qf8 43. Na6 Ra5 44. a4 Qa8 45. Qd1 Nd4 46. Nc5 Bh3 47. b4 Ra7
48. Bg2 Bxg2 49. Kxg2 Qd8 50. h4 Qd5+ 51. Kh3 Ra8 52. a5 Rg8 53. a6 g5 54. hxg5
fxg5 55. Qg4 Nf3 56. Qe4 Qd2 57. Rf1 Qd6 58. Rh1 g4+ 59. Kg2 Qd2 1-0

[Event "Nakhchivan Open 2016"]
[Site "Nakhchivan AZE"]
[Date "2016.05.15"]
[Round "6.19"]
[White "Idrisov, Tabriz"]
[Black "Mustafin, Andrey"]
[Result "1-0"]
[BlackTitle "FM"]
[WhiteElo "2273"]
[BlackElo "2299"]
[WhiteFideId "13402870"]
[BlackFideId "13406744"]
[EventDate "2016.05.10"]

1. d4 Nf6 2. c4 g6 3. Nc3 Bg7 4. e4 d6 5. f3 O-O 6. Be3 Nc6 7. Nge2 a6 8. Nc1 e5
9. d5 Nd4 10. Nb3 Nxb3 11. axb3 Nh5 12. Qd2 f5 13. Bd3 f4 14. Bf2 Bh6 15. O-O-O
Bd7 16. Kb1 Qf6 17. Be2 Rf7 18. b4 g5 19. c5 Kh8 20. Bc4 g4 21. c6 Bc8 22. cxb7
Bxb7 23. Qe1 Bc8 24. Qe2 Rg7 25. Ka2 Qg5 26. Kb3 Nf6 27. Ra1 Qh5 28. b5 a5 29.
h4 gxh3 30. gxh3 Rg2 31. Rag1 Rxg1 32. Bxg1 Bd7 33. Bf2 Rg8 34. Qd1 Rg2 35. Be1
Qg6 36. Bf1 Rg1 37. Rxg1 Qxg1 38. Qe2 Qg6 39. Qc4 Ne8 40. Qe2 Qh5 41. Qg2 Nf6
42. Ka4 Qe8 43. Na2 Qa8 44. Qc2 Ne8 45. Qd2 Qa7 46. Bf2 Qb7 47. Qxa5 Bg5 48. Nb4
h5 49. Nc6 h4 50. Qa7 Bxc6 51. dxc6 Qxa7+ 52. Bxa7 Bd8 53. Ka5 Nf6 54. b6 1-0

[Event "Nakhchivan Open 2016"]
[Site "Nakhchivan AZE"]
[Date "2016.05.15"]
[Round "6.20"]
[White "Balajayeva, Khanim"]
[Black "Mamedjarova, Turkan"]
[Result "0-1"]
[WhiteTitle "WFM"]
[BlackTitle "WGM"]
[WhiteElo "2180"]
[BlackElo "2257"]
[WhiteFideId "13406396"]
[BlackFideId "13402005"]
[EventDate "2016.05.10"]

1. e4 e5 2. Nf3 Nc6 3. Bc4 Bc5 4. c3 Nf6 5. b4 Bb6 6. d3 d6 7. a4 a6 8. O-O O-O
9. a5 Ba7 10. Be3 Bg4 11. h3 Bd7 12. Nbd2 Qe7 13. Qb3 Be6 14. Bxe6 fxe6 15. b5
axb5 16. Qxb5 Bxe3 17. fxe3 Ra7 18. d4 Qd7 19. d5 exd5 20. exd5 Ne7 21. Qxd7
Nxd7 22. c4 h6 23. Nb3 Nf5 24. Rfe1 Ng3 25. Nfd2 Nf6 26. e4 h5 27. c5 h4 28.
cxd6 cxd6 29. Rac1 g5 30. Rc7 Rf7 31. Rc8+ Kg7 32. Rc4 Kg6 33. Nf1 Nfxe4 34.
Rcxe4 Rxf1+ 35. Rxf1 Nxe4 36. Rf8 b6 37. axb6 Rb7 38. Rf3 Rxb6 39. Rd3 Rb5 40.
Nd2 Ng3 41. Nc4 Rb1+ 42. Kf2 e4 43. Rd2 Kf5 44. Ne3+ Kf4 45. Rc2 Rb3 46. Nd1 e3+
47. Ke1 Rb1 48. Rb2 Ra1 0-1

[Event "Nakhchivan Open 2016"]
[Site "Nakhchivan AZE"]
[Date "2016.05.15"]
[Round "6.21"]
[White "Abdulla, Khayala"]
[Black "Khalafova, Narmin"]
[Result "1-0"]
[WhiteTitle "WGM"]
[BlackTitle "WIM"]
[WhiteElo "2209"]
[BlackElo "2193"]
[WhiteFideId "13401807"]
[BlackFideId "13402625"]
[EventDate "2016.05.10"]

1. e4 c5 2. Nf3 d6 3. Bb5+ Nd7 4. c3 Nf6 5. Qe2 a6 6. Ba4 b5 7. Bc2 e5 8. O-O
Be7 9. d4 O-O 10. a4 Rb8 11. Rd1 Qb6 12. axb5 axb5 13. dxc5 dxc5 14. Nbd2 Re8
15. Nf1 Bb7 16. Ng3 Bf8 17. h3 Qc6 18. Ra5 c4 19. b3 Ra8 20. Rxa8 Rxa8 21. bxc4
bxc4 22. Bg5 Qe6 23. Rb1 Bc6 24. Nd2 Ra2 25. Qd1 Ra3 26. Ne2 h6 27. Be3 Nc5 28.
Rb8 Nfd7 29. Bxc5 Nxc5 30. Qb1 Nd7 31. Rc8 Kh7 32. Kh2 Bc5 33. f4 exf4 34. e5+
g6 35. Nxf4 Qxe5 36. Bxg6+ Kg7 37. g3 Nf6 38. Bxf7 Ne4 39. Rxc6 Qxc3 40. Nxe4
Qf3 41. Ne6+ 1-0

[Event "Nakhchivan Open 2016"]
[Site "Nakhchivan AZE"]
[Date "2016.05.15"]
[Round "6.22"]
[White "Ibrahimova, Sabina"]
[Black "Suleymanli, Aydin"]
[Result "1/2-1/2"]
[WhiteTitle "WIM"]
[BlackTitle "CM"]
[WhiteElo "2184"]
[BlackElo "2091"]
[WhiteFideId "13403893"]
[BlackFideId "13413937"]
[EventDate "2016.05.10"]

1. e4 e6 2. d4 d5 3. Nc3 Nf6 4. Bg5 Be7 5. e5 Nfd7 6. Bxe7 Qxe7 7. f4 a6 8. Nf3
c5 9. Qd2 Nc6 10. g3 b6 11. Bg2 Bb7 12. O-O cxd4 13. Ne2 Qb4 14. Qxb4 Nxb4 15.
Nexd4 g6 16. a3 Nc6 17. Nxc6 Bxc6 18. Nd4 Rc8 19. Rae1 Bb7 20. g4 Rc4 21. c3 Ke7
22. Rf3 Bc8 23. f5 Rc7 1/2-1/2

[Event "Nakhchivan Open 2016"]
[Site "Nakhchivan AZE"]
[Date "2016.05.15"]
[Round "6.23"]
[White "Zarinfam, Arsalan"]
[Black "Mammadova, Narmin"]
[Result "1/2-1/2"]
[WhiteTitle "FM"]
[BlackTitle "WIM"]
[WhiteElo "2301"]
[BlackElo "2183"]
[WhiteFideId "12504262"]
[BlackFideId "13403710"]
[EventDate "2016.05.10"]

1. e4 c6 2. d4 d5 3. exd5 cxd5 4. c4 Nf6 5. Nc3 e6 6. Nf3 Be7 7. cxd5 Nxd5 8.
Bd3 Nc6 9. O-O Nf6 10. a3 O-O 11. Re1 b6 12. Bc2 Bb7 13. Qd3 g6 14. Bh6 Re8 15.
Rad1 Nd5 16. Ne4 Nf6 17. Nc3 Nd5 18. Ba4 Bf8 19. Bg5 Be7 20. h4 Rc8 21. Nxd5
exd5 22. Qd2 Bxg5 23. Rxe8+ Qxe8 24. Qxg5 Qd8 25. Qh6 Qf6 26. Bxc6 Bxc6 27. Re1
Re8 28. Rxe8+ Bxe8 29. Ne5 Ba4 30. Qg5 Kg7 31. Qg3 Qf5 32. Qc3 Qe4 33. g3 Bc2
34. Qe3 Qxe3 35. fxe3 Ba4 36. Kf2 f6 37. Nd3 Bc6 38. Kf3 Kf7 39. Kf4 h6 40. Nb4
Bb7 41. Na2 g5+ 42. hxg5 hxg5+ 43. Kf3 Bc6 44. Nc3 Kg6 45. b4 f5 46. b5 Bb7 47.
Na2 Kf6 48. Nb4 Ke6 49. Nd3 a6 50. bxa6 Bxa6 51. Ne5 Bb5 52. Kf2 Kf6 53. Nf3 Kg6
54. Ne5+ Kf6 55. Ke1 f4 56. exf4 gxf4 57. gxf4 Kf5 58. Kd2 Kxf4 59. Nf7 Bd7 60.
Kc3 Ke3 61. Nd8 Ke4 62. Nf7 Ke3 63. Nd6 Bh3 64. Ne8 Bd7 65. Nc7 Bc6 66. Na6 Bb7
67. Nb8 Bc8 68. Nc6 Bd7 69. Nb4 Ke4 70. Nd3 Ke3 71. Ne5 Bh3 72. Nc6 Bd7 73. Ne5
Bh3 74. Nf7 Be6 75. Nd6 Bd7 76. Nf7 Be6 77. Ne5 Bh3 1/2-1/2

[Event "Nakhchivan Open 2016"]
[Site "Nakhchivan AZE"]
[Date "2016.05.15"]
[Round "6.24"]
[White "Ahmadzada, Ahmad"]
[Black "Fataliyeva, Ulviyya"]
[Result "1-0"]
[WhiteTitle "CM"]
[BlackTitle "WIM"]
[WhiteElo "2207"]
[BlackElo "2301"]
[WhiteFideId "13413007"]
[BlackFideId "13403052"]
[EventDate "2016.05.10"]

1. e4 e6 2. d4 b6 3. Bd3 d5 4. e5 Ne7 5. c3 c5 6. Nf3 Nec6 7. O-O a5 8. Be3 Ba6
9. Bxa6 Nxa6 10. Nbd2 Be7 11. Ne1 O-O 12. f4 f5 13. exf6 Rxf6 14. Nef3 Qd7 15.
Qe2 c4 16. Ne5 Nxe5 17. fxe5 Rxf1+ 18. Rxf1 b5 19. Qh5 Rf8 20. Rxf8+ Bxf8 21. a3
b4 22. axb4 axb4 23. Qd1 Be7 24. Qa1 Qb5 25. Nf3 h6 26. h4 Kf7 27. h5 bxc3 28.
bxc3 Nc7 29. Nd2 Ke8 30. Qb1 Qxb1+ 31. Nxb1 Kf7 32. Kf2 g6 33. g4 gxh5 34. gxh5
Kg7 35. Kf3 Kh7 36. Nd2 Bd8 37. Kg4 Ne8 38. Nf1 Ba5 39. Bd2 Nc7 40. Ng3 Nb5 41.
Ne2 Na3 42. Bc1 Nb1 43. Bb2 Kg7 44. Kf3 Nd2+ 45. Ke3 Ne4 46. Kf3 Kf7 47. Kg2 Bd8
48. Ng3 Bh4 49. Nxe4 dxe4 50. Kf1 Bg5 51. Ke2 Kg7 52. Kd1 Kh7 53. Bc1 Bd8 54.
Ke2 Kg7 55. Bf4 Bh4 56. Ke3 Be1 57. Kxe4 Bxc3 58. d5 exd5+ 59. Kxd5 Kf7 60. Bxh6
Ba1 61. e6+ Ke7 62. Bg5+ Bf6 63. Bxf6+ Kxf6 64. h6 1-0

[Event "Nakhchivan Open 2016"]
[Site "Nakhchivan AZE"]
[Date "2016.05.16"]
[Round "7.1"]
[White "Safarli, Eltaj"]
[Black "Kuzubov, Yuriy"]
[Result "1/2-1/2"]
[WhiteTitle "GM"]
[BlackTitle "GM"]
[WhiteElo "2664"]
[BlackElo "2632"]
[WhiteFideId "13402129"]
[BlackFideId "14112906"]
[EventDate "2016.05.10"]

1. d4 f5 2. Nf3 Nf6 3. g3 g6 4. c4 Bg7 5. Bg2 d6 6. O-O O-O 7. Nc3 c6 8. Qc2 Na6
9. a3 Qe8 10. b4 e5 11. dxe5 dxe5 12. e4 Nxe4 13. Nxe4 fxe4 14. Ng5 Nc7 15. Bxe4
Ne6 16. Nxe6 Bxe6 17. Be3 Qf7 18. Rac1 Bf5 19. Rfe1 1/2-1/2

[Event "Nakhchivan Open 2016"]
[Site "Nakhchivan AZE"]
[Date "2016.05.16"]
[Round "7.2"]
[White "Tiviakov, Sergei"]
[Black "Alekseev, Evgeny"]
[Result "1/2-1/2"]
[WhiteTitle "GM"]
[BlackTitle "GM"]
[WhiteElo "2591"]
[BlackElo "2633"]
[WhiteFideId "1008013"]
[BlackFideId "4138147"]
[EventDate "2016.05.10"]

1. e4 c5 2. Nc3 e6 3. Nge2 Nc6 4. d4 cxd4 5. Nxd4 a6 6. g3 Qc7 7. Bg2 Nf6 8. O-O
h5 9. Re1 Nxd4 10. Qxd4 Bc5 11. Bf4 d6 12. Qd2 Ng4 13. Re2 Ne5 14. Na4 Ba7 15.
b3 Bd7 16. Nb2 O-O-O 17. Rd1 1/2-1/2

[Event "Nakhchivan Open 2016"]
[Site "Nakhchivan AZE"]
[Date "2016.05.16"]
[Round "7.4"]
[White "Pavlov, Sergey2"]
[Black "Khenkin, Igor"]
[Result "1/2-1/2"]
[WhiteTitle "IM"]
[BlackTitle "GM"]
[WhiteElo "2452"]
[BlackElo "2575"]
[WhiteFideId "14114330"]
[BlackFideId "4659600"]
[EventDate "2016.05.10"]

1. c4 e6 2. g3 d5 3. Bg2 g6 4. Nf3 Bg7 5. O-O Nc6 6. d4 Nge7 7. Nc3 O-O 8. e4
dxe4 9. Nxe4 f5 10. Nc3 Nxd4 1/2-1/2

[Event "Nakhchivan Open 2016"]
[Site "Nakhchivan AZE"]
[Date "2016.05.16"]
[Round "7.5"]
[White "Burmakin, Vladimir"]
[Black "Mirzoev, Azer"]
[Result "0-1"]
[WhiteTitle "GM"]
[BlackTitle "GM"]
[WhiteElo "2554"]
[BlackElo "2510"]
[WhiteFideId "4105109"]
[BlackFideId "13400304"]
[EventDate "2016.05.10"]

1. Nf3 d5 2. c4 c6 3. e3 Nf6 4. Nc3 e6 5. b3 Nbd7 6. Bb2 b6 7. d4 Bb7 8. Bd3 Be7
9. O-O O-O 10. Qe2 Qc7 11. Rac1 Rad8 12. cxd5 exd5 13. Rfd1 Qb8 14. Qc2 Rfe8 15.
Ne5 Bd6 16. f4 h6 17. Ne2 c5 18. Ng3 Bf8 19. Qf2 Qd6 20. Bb1 Qe6 21. Bf5 Qe7 22.
Bh3 g6 23. Ba3 Nxe5 24. fxe5 Nh7 25. dxc5 Ng5 26. Bg4 h5 27. h4 Nh7 28. Bh3 Qxh4
29. Qf4 Qg5 30. Rf1 Qxf4 31. exf4 Ba6 32. Rf2 f5 33. exf6 Nxf6 34. b4 bxc5 35.
bxc5 d4 36. Bb2 h4 37. Nf1 Ne4 38. Rf3 Bxc5 39. Ba3 Bb6 40. Bb4 Be2 41. Rb3 d3+
42. Kh2 d2 0-1

[Event "Nakhchivan Open 2016"]
[Site "Nakhchivan AZE"]
[Date "2016.05.16"]
[Round "7.6"]
[White "Rasulov, Vugar"]
[Black "Iskandarov, Misratdin"]
[Result "0-1"]
[WhiteTitle "GM"]
[BlackTitle "IM"]
[WhiteElo "2486"]
[BlackElo "2419"]
[WhiteFideId "13402390"]
[BlackFideId "13400312"]
[EventDate "2016.05.10"]

1. d4 Nf6 2. Nf3 g6 3. c4 Bg7 4. Nc3 O-O 5. e4 d6 6. Be2 e5 7. O-O exd4 8. Nxd4
Re8 9. f3 Nc6 10. Be3 Nh5 11. f4 Nf6 12. Bf3 Bd7 13. Qd2 Na5 14. b3 Bg4 15. Rad1
Bxf3 16. gxf3 Nc6 17. f5 Nh5 18. fxg6 hxg6 19. Kh1 Qh4 20. Qg2 Nxd4 21. Bxd4
Bxd4 22. Rxd4 Re5 23. Qf2 Qxf2 24. Rxf2 Nf4 25. Nd5 Ne6 26. Rdd2 Kg7 27. Rde2
Rh8 28. f4 Reh5 29. f5 Nd4 30. Re3 c6 31. Nf4 Rh4 32. b4 Re8 33. fxg6 f5 34. Ra3
fxe4 35. Ng2 Rh6 36. Rxa7 Re7 37. Ra8 Rxg6 38. Ne3 Rf7 39. Rxf7+ Kxf7 40. h3 Rg3
41. Nf1 Rxh3+ 42. Kg2 Rc3 43. Ra7 e3 44. Rxb7+ Ke6 45. Ng3 e2 46. Nxe2 Nxe2 0-1

[Event "Nakhchivan Open 2016"]
[Site "Nakhchivan AZE"]
[Date "2016.05.16"]
[Round "7.7"]
[White "Kazimova, Narmin"]
[Black "Beradze, Irakli"]
[Result "0-1"]
[WhiteTitle "WGM"]
[WhiteElo "2364"]
[BlackElo "2425"]
[WhiteFideId "13402951"]
[BlackFideId "13604597"]
[EventDate "2016.05.10"]

1. d4 Nf6 2. c4 e6 3. Nc3 Bb4 4. Nf3 b6 5. Bg5 h6 6. Bh4 g5 7. Bg3 Ne4 8. Qc2
Bb7 9. e3 d6 10. Bd3 f5 11. O-O Bxc3 12. bxc3 Nd7 13. Nd2 Nxd2 14. Qxd2 O-O 15.
f3 Qe7 16. Qc2 Qf7 17. Rab1 e5 18. Qa4 c5 19. Rbd1 f4 20. Bf2 Nf6 21. dxe5 dxe5
22. Bf5 Bc8 23. Qc2 Kg7 24. exf4 exf4 25. h4 Bxf5 26. Qxf5 Qg6 27. Qxg6+ Kxg6
28. a4 Rad8 29. a5 Kf5 30. axb6 axb6 31. hxg5 hxg5 32. g4+ Kg6 33. Kg2 Rfe8 34.
Rb1 Rd6 35. Rb2 Ree6 36. Ra1 Nd7 37. Ra8 Ne5 38. Rba2 Rd7 39. Rg8+ Kf6 40. Rf8+
Rf7 41. Rh8 Ng6 42. Rb8 Rd7 43. Ra6 Rdd6 44. Rb7 Ne5 45. Ra8 Re7 46. Rf8+ Rf7
47. Rbxf7+ Nxf7 48. Kf1 Re6 49. Kg2 Kg7 50. Ra8 Ne5 51. Ra6 Kf6 52. Ra4 Rd6 53.
Be1 Ke6 54. Kf2 Rd3 55. Ra6 Nxc4 56. Ke2 Re3+ 57. Kf2 Kd5 0-1

[Event "Nakhchivan Open 2016"]
[Site "Nakhchivan AZE"]
[Date "2016.05.16"]
[Round "7.8"]
[White "Bashirli, Nail"]
[Black "Enkhtuul, Altan-Ulzii"]
[Result "1-0"]
[WhiteTitle "FM"]
[BlackTitle "WGM"]
[WhiteElo "2384"]
[BlackElo "2208"]
[WhiteFideId "13406809"]
[BlackFideId "4901444"]
[EventDate "2016.05.10"]

1. e4 Nf6 2. e5 Nd5 3. d4 d6 4. c4 Nb6 5. exd6 exd6 6. Nc3 Be7 7. Bd3 Nc6 8.
Nge2 Bf6 9. Be3 O-O 10. O-O Nb4 11. b3 Bg4 12. f3 Re8 13. Bf2 Nxd3 14. Qxd3 Bd7
15. Ng3 g6 16. a4 h5 17. a5 Nc8 18. Rae1 Rxe1 19. Rxe1 c6 20. Nge4 Bg7 21. b4
Bf5 22. d5 c5 23. bxc5 Qxa5 24. Bd4 dxc5 25. Nf6+ Bxf6 26. Bxf6 Nb6 27. Qe3 Nd7
28. Be7 Re8 29. d6 Qb4 30. Nd5 Qxc4 31. Rd1 Qc2 32. Qe1 Qb3 33. Ne3 Bd3 34. Rc1
Qe6 35. Qd2 c4 36. Re1 Rxe7 37. dxe7 Qxe7 38. Nxc4 Qc5+ 39. Ne3 Qd4 40. Kh1 Nc5
41. Nd1 Qd7 42. Qb4 b6 43. Nc3 Bf5 44. Qc4 Nd3 45. Nd5 Qd8 46. Ne7+ Kf8 47. Nc6
Qd6 48. Qc3 f6 49. Ra1 a5 50. Nd4 Qe5 51. Qa3+ Nc5 52. Rd1 Kg7 53. Qa1 a4 54.
Re1 Qd6 55. Qc3 Bd7 56. Rd1 Qe5 57. Qb4 h4 58. h3 b5 59. f4 Nd3 60. Rxd3 Qe4 61.
Qd2 b4 62. Re3 Qd5 63. Re7+ Kf8 64. Qxb4 Kg8 65. Qb8+ 1-0

[Event "Nakhchivan Open 2016"]
[Site "Nakhchivan AZE"]
[Date "2016.05.16"]
[Round "7.9"]
[White "Naghdiyev, Niyazi"]
[Black "Karayev, Kanan"]
[Result "1/2-1/2"]
[WhiteTitle "FM"]
[BlackTitle "CM"]
[WhiteElo "2351"]
[BlackElo "2216"]
[WhiteFideId "13405519"]
[BlackFideId "13406671"]
[EventDate "2016.05.10"]

1. d4 g6 2. Nf3 Bg7 3. g3 d6 4. Bg2 Nf6 5. O-O O-O 6. c4 Nc6 7. Nc3 a6 8. Qd3
Bf5 9. e4 Bg4 10. d5 Bxf3 11. Qxf3 Nd4 12. Qd1 Nd7 13. Be3 c5 14. dxc6 Nxc6 15.
Rc1 Qa5 16. a3 Rac8 17. f4 Rfd8 18. Rf2 e6 19. Rd2 Nc5 20. e5 dxe5 21. b4 Qxa3
22. Bxc5 Rxd2 23. Qxd2 Rd8 24. Qe1 exf4 25. Bxc6 bxc6 26. Rd1 Rxd1 27. Qxd1 h6
28. Ne4 fxg3 29. Nxg3 a5 30. Qd8+ Kh7 31. Qxa5 Qc1+ 32. Kg2 Qc2+ 33. Kh3 h5 34.
Qd8 Qxc4 35. Qh4 Qc3 36. Qe4 f5 37. Qxc6 f4 38. Qxe6 fxg3 39. hxg3 Qf3 40. Kh2
h4 41. gxh4 Qf4+ 42. Kg2 Qxh4 43. Kf3 Qf6+ 44. Qxf6 Bxf6 45. Ke4 Bc3 46. b5 Ba5
47. b6 Bxb6 48. Bxb6 1/2-1/2

[Event "Nakhchivan Open 2016"]
[Site "Nakhchivan AZE"]
[Date "2016.05.16"]
[Round "7.10"]
[White "Hojjatova, Aydan"]
[Black "Hasanzade, Toghrul"]
[Result "0-1"]
[WhiteTitle "WFM"]
[BlackTitle "FM"]
[WhiteElo "2300"]
[BlackElo "2326"]
[WhiteFideId "13401491"]
[BlackFideId "13407716"]
[EventDate "2016.05.10"]

1. e4 e6 2. d4 d5 3. Nd2 Nf6 4. e5 Nfd7 5. Bd3 c5 6. c3 Nc6 7. Ne2 cxd4 8. cxd4
f6 9. exf6 Qxf6 10. Nf3 h6 11. O-O Bd6 12. a3 O-O 13. Bc2 Rf7 14. Ng3 Nf8 15.
Be3 Bd7 16. Qd2 Be8 17. Rad1 Rc7 18. Ne1 Bg6 19. Rc1 Rac8 20. Bxg6 Nxg6 21. f4
Nh4 22. Kh1 b5 23. Nc2 Na5 24. Qxa5 Rxc2 25. Rxc2 Rxc2 26. Rg1 Rxb2 27. Qxa7 Rb3
28. Bc1 Qg6 29. Qd7 Bf8 30. Qc8 Nf5 31. Nxf5 Qxf5 32. Re1 Rb1 33. h3 Kh7 34. g4
Qd3 35. Kg2 Qc4 36. Qxf8 Rxc1 37. Rxc1 Qxc1 38. f5 Qd2+ 39. Kf1 Qf4+ 40. Kg2
Qe4+ 41. Kg3 Qxd4 42. fxe6 Qg1+ 43. Kh4 Qe1+ 0-1

[Event "Nakhchivan Open 2016"]
[Site "Nakhchivan AZE"]
[Date "2016.05.16"]
[Round "7.11"]
[White "Abasov, Nijat"]
[Black "Idrisov, Tabriz"]
[Result "1-0"]
[WhiteTitle "GM"]
[WhiteElo "2571"]
[BlackElo "2273"]
[WhiteFideId "13402960"]
[BlackFideId "13402870"]
[EventDate "2016.05.10"]

1. d4 c5 2. d5 e5 3. e4 d6 4. c4 Be7 5. Nc3 Bg5 6. Nge2 Bxc1 7. Nxc1 Nh6 8. g3
O-O 9. Bg2 f5 10. Nd3 f4 11. gxf4 exf4 12. e5 dxe5 13. Nxc5 f3 14. Bf1 Qb6 15.
Nb3 Na6 16. Qd2 Bf5 17. Rg1 Kh8 18. Nd1 Rac8 19. Ne3 Bg6 20. Bh3 Rcd8 21. Rc1
Nb4 22. Rxg6 hxg6 23. c5 Qa6 24. Bf1 Qa4 25. Rc4 Rf4 26. a3 Qxb3 27. Rxb4 Rxb4
28. Qxb4 Qa2 29. Bd3 Qa1+ 30. Kd2 Qg1 31. Qh4 Rc8 32. b4 e4 33. Bf1 Kh7 34. d6
g5 35. Qxe4+ Kh8 36. Ke1 Qxh2 37. d7 Rg8 38. Qe8 Qb8 39. Qxb8 Rxb8 40. b5 1-0

[Event "Nakhchivan Open 2016"]
[Site "Nakhchivan AZE"]
[Date "2016.05.16"]
[Round "7.12"]
[White "Mammadov, Zaur"]
[Black "Noroozi, Omid"]
[Result "0-1"]
[WhiteTitle "GM"]
[BlackTitle "IM"]
[WhiteElo "2465"]
[BlackElo "2391"]
[WhiteFideId "13401033"]
[BlackFideId "12501190"]
[EventDate "2016.05.10"]

1. e4 c5 2. c3 Nf6 3. e5 Nd5 4. Nf3 Nc6 5. d4 cxd4 6. cxd4 d6 7. Bc4 Nb6 8. Bb5
dxe5 9. Nxe5 Bd7 10. Nxd7 Qxd7 11. O-O e6 12. Nc3 Rd8 13. Be3 Be7 14. Qb3 O-O
15. Rfd1 Qd6 16. a3 Na5 17. Qa2 Nd5 18. Bd2 Qb6 19. Be2 Nc6 20. Bf3 Nf6 21. Ne2
Nxd4 22. Nxd4 Rxd4 23. Be3 Rxd1+ 24. Rxd1 Bc5 25. Bxc5 Qxc5 26. b4 Qc7 27. Qd2
Rc8 28. a4 b6 29. b5 h6 30. h3 Qc4 31. Qb2 Qxa4 32. Ra1 Qf4 33. Bb7 Rd8 34. Qa3
Rd2 35. Rf1 Qc4 36. Qxa7 Qxb5 37. Qa8+ Kh7 38. Bc6 Qc5 39. Qb7 Rd6 40. Ba4 Rd4
41. Qa7 Ne4 42. Be8 Nxf2 43. Qxf7 Rf4 44. Qg6+ Kh8 45. Ra1 Nxh3+ 46. Kh2 Qe5 47.
Ra8 Rg4+ 48. Kh1 Qe1+ 49. Kh2 Qg3+ 0-1

[Event "Nakhchivan Open 2016"]
[Site "Nakhchivan AZE"]
[Date "2016.05.16"]
[Round "7.13"]
[White "Asadli, Vugar"]
[Black "Sevdimaliyev, Urfan"]
[Result "1/2-1/2"]
[WhiteTitle "FM"]
[BlackTitle "GM"]
[WhiteElo "2397"]
[BlackElo "2400"]
[WhiteFideId "13405764"]
[BlackFideId "13402463"]
[EventDate "2016.05.10"]

1. e4 Nf6 2. e5 Nd5 3. d4 d6 4. c4 Nb6 5. exd6 exd6 6. Nc3 Be7 7. Bd3 O-O 8.
Nge2 Nc6 9. h3 Bf6 10. O-O g6 11. Be3 Re8 12. b3 a5 13. a3 Bg7 14. Qd2 a4 15. b4
d5 16. c5 Nc4 17. Bxc4 dxc4 18. Qa2 Qh4 1/2-1/2